Instituciones de derecho internacional público

সংরক্ষণ করুন:
গ্রন্থ-পঞ্জীর বিবরন
প্রধান লেখক: Diez de Velasco Vallejo, Manuel (Author)
বিন্যাস: গ্রন্থ
ভাষা:স্প্যানিশ
প্রকাশিত: Madrid Tecnos 2003
সংস্করন:14a. ed
বিষয়গুলি:
ট্যাগগুলো: ট্যাগ যুক্ত করুন
কোনো ট্যাগ নেই, প্রথমজন হিসাবে ট্যাগ করুন!

MARC

LEADER 00000nam a2200000 a 4500
001 UCL7910
003 CL-VaPUC
008 040604e20030000SP |||||||||||||||||spa|d
020 |a 8430940553 
082 0 4 |a 341.01  |b DIE  |2 21 
100 0 |a Diez de Velasco Vallejo, Manuel  |e author  |9 485869 
245 1 0 |a Instituciones de derecho internacional público 
250 |a 14a. ed 
300 |a 1023 p 
942 |c BK 
945 |d 20040604 00:00:00  |a cmena 
260 |a Madrid  |b Tecnos  |c 2003 
650 7 |a DERECHO INTERNACIONAL PUBLICO  |2 CL-VaPUC  |9 485870 
650 0 |a Organizaciones internacionales  |9 329196 
650 0 |a Tratados internacionales   |9 256056 
650 0 |a Fuentes del derecho   |9 255162 
650 0 |a Tribunales de justicia   |9 328494 
583 |a last modification  |c 20040604 00:00:00  |k Rodrigo Vera 
999 |c 309464  |d 309462 
952 |0 0  |1 0  |4 0  |6 341_010000000000000_DIE_2003  |7 0  |8 A  |9 376915  |a BIBDER  |b BIBDER  |d 2019-11-21  |i 4021606  |l 1  |m 2  |o 341.01 DIE 2003  |p 4021606  |q 2025-12-31  |r 2020-03-19  |s 2020-03-19  |w 2019-11-21  |y BK  |k DER 
952 |0 0  |1 0  |4 0  |6 341_010000000000000_DIE_2003  |7 0  |8 A  |9 376916  |a BIBDER  |b BIBDER  |d 2019-11-21  |i 4046242  |l 1  |o 341.01 DIE 2003  |p 4046242  |r 2023-05-03  |s 2023-04-28  |w 2019-11-21  |y BK  |k DER